[Event "11th Asrian Memorial 2018"]
[Site "Yerevan ARM"]
[Date "2018.06.26"]
[Round "6.9"]
[White "Hakobyan, Aram"]
[Black "Abdumalik, Zhansaya"]
[Result "1-0"]
[WhiteTitle "GM"]
[BlackTitle "IM"]
[WhiteElo "2542"]
[BlackElo "2488"]
[WhiteFideId "13306677"]
[BlackFideId "13703544"]
[EventDate "2018.06.21"]

1. g3 Nf6 2. Bg2 d5 3. Nf3 g6 4. c4 c6 5. b3 Bg7 6. Bb2 O-O 7. O-O b6 8. d4 Bb7
9. Nc3 Nbd7 10. Qc2 Rb8 11. Rad1 Re8 12. Ne5 e6 13. e4 Nxe4 14. Nxe4 dxe4 15.
Bxe4 Qc7 16. f4 Nf6 17. Bf3 Red8 18. Qg2 Rbc8 19. Rfe1 Ne8 20. Rc1 Nd6 21. g4 c5
22. d5 exd5 23. Bxd5 Bxd5 24. cxd5 Re8 25. Nc6 Bxb2 26. Qxb2 f5 27. Re5 Nf7 28.
gxf5 Nxe5 29. fxe5 Qd7 30. Qg2 Qxf5 31. Rf1 Qd7 32. e6 Qd6 33. Rf7 Rxe6 34. dxe6
Qxe6 35. Re7 Qd6 36. Nxa7 Qd1+ 37. Qf1 Qd4+ 38. Qf2 Qg4+ 39. Qg3 Qd1+ 40. Re1
Qd4+ 41. Qe3 Qg4+ 42. Kh1 Ra8 43. Nc6 Rxa2 44. Ne7+ Kg7 45. Qe5+ 1-0

[Event "11th Asrian Memorial 2018"]
[Site "Yerevan ARM"]
[Date "2018.06.26"]
[Round "6.11"]
[White "Zhukenov, Aituar"]
[Black "Tutisani, Noe"]
[Result "0-1"]
[BlackTitle "FM"]
[WhiteElo "1865"]
[BlackElo "2469"]
[WhiteFideId "13719513"]
[BlackFideId "13602853"]
[EventDate "2018.06.21"]

1. e4 e5 2. Nf3 Nc6 3. Bb5 a6 4. Ba4 Nf6 5. d3 b5 6. Bb3 Bc5 7. O-O h6 8. a4 Rb8
9. axb5 axb5 10. Nc3 d6 11. h3 Be6 12. Nd5 Nd4 13. Nxd4 exd4 14. Nxf6+ Qxf6 15.
Bxe6 fxe6 16. Qh5+ Qf7 17. Qg4 h5 18. Qe2 O-O 19. f4 Rbe8 20. Bd2 Bb6 21. Qf3 c5
22. Kh1 Ra8 23. Qg3 Bc7 24. Qg5 Bd8 25. Qg3 Bc7 26. Qg5 Bd8 27. Qg3 Bf6 28. Qf3
e5 29. b3 Rxa1 30. Rxa1 exf4 31. Qxf4 Be5 32. Qxf7+ Rxf7 33. Kg1 Bg3 34. Be1 h4
35. Bxg3 hxg3 36. Rf1 Ra7 37. Rc1 Kh7 0-1

[Event "11th Asrian Memorial 2018"]
[Site "Yerevan ARM"]
[Date "2018.06.26"]
[Round "6.12"]
[White "Mkrtchian, Lilit"]
[Black "Nalbandyan, Vahan"]
[Result "1-0"]
[WhiteTitle "IM"]
[WhiteElo "2392"]
[BlackElo "1789"]
[WhiteFideId "13300601"]
[BlackFideId "13309439"]
[EventDate "2018.06.21"]

1. c4 c5 2. Nf3 Nf6 3. Nc3 e6 4. e3 d5 5. cxd5 exd5 6. d4 Nc6 7. Bb5 cxd4 8.
Nxd4 Qc7 9. O-O Bd6 10. Nf3 Be6 11. b3 O-O 12. Bb2 Ne5 13. h3 a6 14. Be2 b5 15.
Rc1 Qd7 16. Ng5 Ng6 17. Bd3 Bf5 18. Ne2 Ne4 19. Bxe4 dxe4 20. Qd4 Be5 21. Qxd7
Bxd7 22. Bxe5 Nxe5 23. Nxe4 b4 24. Rfd1 Ra7 25. Nc5 Bc8 26. Nd4 a5 27. f4 Ng6
28. Nc6 Ra8 29. Rd5 Re8 30. Kf2 f6 31. Rcd1 Kf7 32. Na4 Ne7 33. Rxa5 Rxa5 34.
Nxa5 Be6 35. Nb7 Nf5 36. e4 Bxb3 37. axb3 Rxe4 38. g3 Ke7 39. Nac5 Re3 40. g4 1-0

[Event "11th Asrian Memorial 2018"]
[Site "Yerevan ARM"]
[Date "2018.06.26"]
[Round "6.13"]
[White "Hovhannisyan, Robert"]
[Black "Sargsyan, Anna M."]
[Result "1-0"]
[WhiteTitle "GM"]
[BlackTitle "WFM"]
[WhiteElo "2625"]
[BlackElo "2323"]
[WhiteFideId "13302507"]
[BlackFideId "13308130"]
[EventDate "2018.06.21"]

1. e4 e6 2. d3 d5 3. Qe2 Nf6 4. Nf3 Be7 5. g3 b6 6. e5 Nfd7 7. Bg2 c5 8. O-O Bb7
9. c4 d4 10. b4 Qc7 11. b5 a5 12. bxa6 Rxa6 13. Na3 Bxf3 14. Qxf3 Nxe5 15. Qe2
Ng6 16. Nb5 Qd7 17. h4 Bd6 18. h5 Ne7 19. h6 gxh6 20. Nxd6+ Qxd6 21. Bf4 e5 22.
Bxe5 Qe6 23. Rfe1 O-O 24. Qf3 Nbc6 25. Bg7 Kxg7 26. Rxe6 fxe6 27. Qg4+ Kf7 28.
Bxc6 1-0

[Event "11th Asrian Memorial 2018"]
[Site "Yerevan ARM"]
[Date "2018.06.26"]
[Round "6.15"]
[White "Muradyan, Robert"]
[Black "Sargsyan, Shant"]
[Result "0-1"]
[BlackTitle "IM"]
[WhiteElo "2225"]
[BlackElo "2499"]
[WhiteFideId "13309374"]
[BlackFideId "13306766"]
[EventDate "2018.06.21"]

1. Nf3 d5 2. d4 Nf6 3. c4 e6 4. Nc3 Bb4 5. Bg5 dxc4 6. e4 h6 7. Bxf6 Qxf6 8.
Bxc4 c5 9. O-O O-O 10. dxc5 Nd7 11. Rc1 Bxc5 12. Qe2 Bd6 13. Rcd1 Bb8 14. Nb5 a6
15. Nd6 Ne5 16. Kh1 Nxf3 17. Qxf3 Qxb2 18. Nxc8 Rxc8 19. Bb3 Qe5 20. g3 Bd6 21.
Qd3 Rc6 22. f4 Qh5 23. f5 Re8 24. Qf3 Qxf3+ 25. Rxf3 b5 26. Rfd3 Be5 27. Rd8 Kf8
28. R8d7 a5 29. a4 Rc3 30. R1d3 Rxd3 31. Rxd3 bxa4 32. Bxa4 Rc8 33. fxe6 fxe6
34. Rd7 Rc4 35. Bb3 Rxe4 36. Bxe6 Bxg3 37. Rf7+ Ke8 38. Rxg7 Rxe6 39. Rxg3 Ra6
40. Ra3 Kd7 41. Kg2 Kc6 42. Kf3 Kb5 43. Ke3 Kb4 44. Ra1 Kc3 45. Rc1+ Kb2 46. Rc8
a4 47. Rb8+ Kc3 48. Rc8+ Kb3 49. Rb8+ Kc4 50. Rc8+ Kb5 51. Rb8+ Kc5 52. Rc8+ Kd5
53. Rd8+ Ke6 54. Rd2 a3 55. Ra2 Ke5 56. Kd3 Kf4 57. Kd4 h5 58. Kd5 h4 59. Kd4
Kf3 60. Ke5 Ke3 0-1

[Event "11th Asrian Memorial 2018"]
[Site "Yerevan ARM"]
[Date "2018.06.26"]
[Round "6.17"]
[White "Petrosyan, Tigran S."]
[Black "Yeritsyan, Hayk"]
[Result "1/2-1/2"]
[WhiteTitle "IM"]
[WhiteElo "2460"]
[BlackElo "2196"]
[WhiteFideId "13303678"]
[BlackFideId "13307320"]
[EventDate "2018.06.21"]

1. d4 d5 2. c4 e6 3. Nf3 Nf6 4. g3 Be7 5. Bg2 O-O 6. O-O dxc4 7. Qa4 a6 8. Qxc4
b5 9. Qc2 Bb7 10. Bd2 Be4 11. Qc1 Bb7 12. Bf4 Bd6 13. Rd1 Nbd7 14. Nc3 Nb6 15.
a3 Nfd5 16. Nxd5 Bxd5 17. Qc2 Bxf4 18. gxf4 Rc8 19. Ng5 g6 20. Ne4 Qh4 21. e3
Nd7 22. b4 Kh8 23. h3 Rg8 24. Ng3 g5 1/2-1/2

[Event "11th Asrian Memorial 2018"]
[Site "Yerevan ARM"]
[Date "2018.06.26"]
[Round "6.18"]
[White "Gaboyan, Susanna"]
[Black "Danielian, Elina"]
[Result "0-1"]
[WhiteTitle "WIM"]
[BlackTitle "GM"]
[WhiteElo "2154"]
[BlackElo "2412"]
[WhiteFideId "13303627"]
[BlackFideId "13300210"]
[EventDate "2018.06.21"]

1. Nf3 c5 2. g3 g6 3. Bg2 Bg7 4. d4 cxd4 5. Nxd4 Nf6 6. O-O O-O 7. Nc3 Nc6 8.
Nxc6 bxc6 9. e4 Qc7 10. Bf4 d6 11. Qd2 Re8 12. Rfe1 e5 13. Bg5 Be6 14. Rad1 Rad8
15. b4 Rd7 16. Bxf6 Bxf6 17. b5 cxb5 18. Nxb5 Qc5 19. Nc3 Rc8 20. Nd5 Bxd5 21.
Qxd5 Qxd5 22. Rxd5 Rxc2 23. a4 Bd8 24. Bh3 Rb7 25. Rxd6 Bb6 26. Rf1 Bd4 27. Bd7
Rb3 28. Rc6 Rd2 29. Rc8+ Kg7 30. Rc7 Bb6 31. Be6 Rxg3+ 32. hxg3 Bxc7 33. Bd5 Bb6
34. g4 Kf6 35. Kg2 Kg5 36. Kg3 f6 37. Bc6 Rd3+ 38. f3 Rd2 39. Rh1 Be3 40. Kh3
Bf4 41. Bd5 Rf2 42. Be6 a5 43. Bd7 h6 44. Be6 Rxf3+ 45. Kg2 Re3 0-1

[Event "11th Asrian Memorial 2018"]
[Site "Yerevan ARM"]
[Date "2018.06.26"]
[Round "6.22"]
[White "Ghukasyan, Siranush"]
[Black "Rakesh, Kumar Jena"]
[Result "1/2-1/2"]
[WhiteTitle "WIM"]
[BlackTitle "IM"]
[WhiteElo "2218"]
[BlackElo "2385"]
[WhiteFideId "13300946"]
[BlackFideId "5084822"]
[EventDate "2018.06.21"]

1. e4 d6 2. d4 g6 3. Nc3 Bg7 4. Nf3 a6 5. Be2 Nf6 6. O-O O-O 7. h3 Nc6 8. Be3 b5
9. a3 Bb7 10. Qd2 e5 11. d5 Ne7 1/2-1/2

[Event "11th Asrian Memorial 2018"]
[Site "Yerevan ARM"]
[Date "2018.06.26"]
[Round "6.23"]
[White "Yeghiazaryan, Armenak"]
[Black "Pipia, Ekaterine"]
[Result "1-0"]
[WhiteTitle "FM"]
[WhiteElo "2365"]
[BlackElo "1772"]
[WhiteFideId "13303082"]
[BlackFideId "13614576"]
[EventDate "2018.06.21"]

1. e4 g6 2. d4 Bg7 3. Nf3 d6 4. Nc3 a6 5. Bc4 e6 6. Bb3 b5 7. O-O Bb7 8. d5 e5
9. a4 b4 10. Na2 a5 11. Bc4 Ba6 12. Qd3 Qd7 13. Bb5 Bxb5 14. axb5 b3 15. cxb3
Nf6 16. Nc3 O-O 17. b4 a4 18. Ra3 Qe7 19. b3 Nbd7 20. bxa4 Nh5 21. a5 f5 22. Ng5
Nf4 23. Bxf4 exf4 24. Ne6 fxe4 25. Qxe4 Bxc3 26. Rxc3 Nf6 27. Qd4 Rfc8 28. Rxc7
Rxc7 29. Nxc7 Qxc7 30. Qxf6 Rf8 31. b6 Qb8 32. Qe6+ Kh8 33. Re1 f3 34. gxf3 Kg7
35. Qd7+ Kh6 36. Re7 Rxf3 37. Rxh7+ Kg5 38. Qe7+ Kf5 39. Qe6+ 1-0

[Event "11th Asrian Memorial 2018"]
[Site "Yerevan ARM"]
[Date "2018.06.26"]
[Round "6.25"]
[White "Hakobyan, Hovhannes H."]
[Black "Chaqryan, Erik"]
[Result "0-1"]
[WhiteTitle "FM"]
[WhiteElo "2266"]
[BlackElo "1887"]
[WhiteFideId "13306308"]
[BlackFideId "13312340"]
[EventDate "2018.06.21"]

1. e4 c6 2. Nc3 d5 3. Nf3 Bg4 4. h3 Bxf3 5. Qxf3 e6 6. g3 Bc5 7. Bg2 Ne7 8. O-O
O-O 9. d3 Nd7 10. Kh2 f5 11. exf5 exf5 12. Bf4 Ng6 13. Nxd5 cxd5 14. Qxd5+ Kh8
15. Bd6 Nf6 16. Qe6 Re8 17. Qxf5 Qxd6 18. c3 Nh4 0-1

[Event "11th Asrian Memorial 2018"]
[Site "Yerevan ARM"]
[Date "2018.06.26"]
[Round "6.28"]
[White "Piliposyan, Robert"]
[Black "Grigoryan, Arpine"]
[Result "1/2-1/2"]
[WhiteElo "1898"]
[BlackElo "2049"]
[WhiteFideId "13309978"]
[BlackFideId "13307231"]
[EventDate "2018.06.21"]

1. d4 Nf6 2. c4 e6 3. g3 c5 4. Nf3 d5 5. cxd5 exd5 6. Bg2 c4 7. O-O Be7 8. b3
cxb3 9. axb3 Nc6 10. Nc3 O-O 11. Ne5 Be6 12. Bf4 h6 13. h3 Qc8 14. Nxc6 bxc6 15.
Kh2 Nh5 16. Bc1 f5 17. e4 Nf6 18. exd5 Nxd5 19. Nxd5 Bxd5 20. Bxd5+ cxd5 21. Bf4
Qd7 22. Qf3 Bf6 23. Qd3 Rac8 24. Ra6 Rc6 25. Rxc6 Qxc6 26. Rc1 Qe6 27. Ra1 Qe4
28. Qxe4 dxe4 29. Be3 Rd8 30. Kg2 Rd7 31. g4 fxg4 32. hxg4 Rb7 33. Ra3 Be7 34.
Ra5 Rxb3 35. Rxa7 Bf6 36. Rd7 Kf8 37. Kf1 Ke8 38. Rc7 Rb1+ 39. Ke2 Rg1 40. d5
Rxg4 41. d6 Bd8 42. Ra7 Rg1 43. Bc5 Rc1 44. Be3 Rg1 45. Bc5 Rc1 46. Be3 1/2-1/2

[Event "11th Asrian Memorial 2018"]
[Site "Yerevan ARM"]
[Date "2018.06.26"]
[Round "6.36"]
[White "Arakelyan, Nare"]
[Black "Hakobyan, Yurik L."]
[Result "1-0"]
[WhiteElo "1805"]
[BlackElo "1509"]
[WhiteFideId "13307657"]
[BlackFideId "13308866"]
[EventDate "2018.06.21"]

1. Nf3 d5 2. d4 Nf6 3. c4 e6 4. Nc3 c6 5. Bg5 Be7 6. e3 O-O 7. Bd3 Nbd7 8. Qc2
h6 9. Bh4 dxc4 10. Bxc4 b5 11. Bd3 Qa5 12. O-O Ba6 13. a3 Qc7 14. b4 Bb7 15.
Nxb5 Qb8 16. Bg3 Qc8 17. Nd6 Bxd6 18. Bxd6 Re8 19. Rfc1 Nb8 20. Ne5 a6 21. Bxb8
Qxb8 22. Nxc6 Qd6 23. Qc5 Qd7 24. Ne5 Qd8 25. Qc7 Qd5 26. Qxf7+ Kh8 27. Ng6+ Kh7
28. Ne7+ Qe4 29. Bxe4+ Bxe4 30. Rc7 Rf8 31. Qxe6 Rae8 32. f3 Bd3 33. e4 Bb5 34.
Qf5+ Kh8 35. Ng6+ Kg8 36. Nxf8 Rxf8 37. Qg6 Ne8 38. Re7 Ba4 39. Rc1 1-0

[Event "11th Asrian Memorial 2018"]
[Site "Yerevan ARM"]
[Date "2018.06.27"]
[Round "7.1"]
[White "Sethuraman, S.P."]
[Black "Melkumyan, Hrant"]
[Result "1/2-1/2"]
[WhiteTitle "GM"]
[BlackTitle "GM"]
[WhiteElo "2657"]
[BlackElo "2662"]
[WhiteFideId "5021596"]
[BlackFideId "13302485"]
[EventDate "2018.06.21"]

1. e4 e5 2. Nf3 Nc6 3. d4 exd4 4. Nxd4 Bc5 5. Nb3 Bb6 6. Nc3 d6 7. Qe2 a5 8. a4
Nb4 9. Bf4 Qf6 10. Qd2 Ne7 11. O-O-O Ng6 12. Be3 Bxe3 13. Qxe3 O-O 14. g3 Bg4
15. Be2 Bxe2 16. Qxe2 Rfe8 17. f4 Nf8 18. Qc4 c6 19. Nxa5 Nxc2 20. Kxc2 Rxa5 21.
Qb4 Rc5 22. e5 Qf5+ 23. Kc1 b5 24. b3 bxa4 25. Rxd6 axb3 26. Rd2 Ne6 27. Kb2 h6
28. Ra1 Kh7 29. Qe4 Qxe4 30. Nxe4 Rd5 31. Rxd5 cxd5 32. Nd6 Rb8 33. Ra5 d4 34.
Rd5 Kg8 35. f5 Nd8 36. Rxd4 Nc6 37. Re4 Rd8 38. Nc4 Kf8 39. Kc3 h5 40. Rh4 Rd5
41. Rxh5 1/2-1/2

[Event "11th Asrian Memorial 2018"]
[Site "Yerevan ARM"]
[Date "2018.06.27"]
[Round "7.2"]
[White "Sasikiran, Krishnan"]
[Black "Petrosyan, Manuel"]
[Result "1/2-1/2"]
[WhiteTitle "GM"]
[BlackTitle "GM"]
[WhiteElo "2666"]
[BlackElo "2551"]
[WhiteFideId "5004985"]
[BlackFideId "13300857"]
[EventDate "2018.06.21"]

1. e4 e5 2. Nf3 Nc6 3. Bb5 Nf6 4. O-O Nxe4 5. d4 Nd6 6. Bxc6 dxc6 7. dxe5 Nf5 8.
Qxd8+ Kxd8 9. h3 h5 10. Nc3 Ke8 11. Rd1 Be7 12. Ne2 b6 13. a4 a5 14. Bf4 Be6 15.
Ned4 Nxd4 16. Nxd4 g5 17. Nxe6 fxe6 18. Be3 Rf8 19. g4 hxg4 20. hxg4 Bc5 21.
Bxc5 bxc5 22. Rd3 Rf4 23. f3 Rb8 24. b3 c4 25. Rc3 c5 26. Kf2 cxb3 27. cxb3 c4
28. Rxc4 Rxc4 29. bxc4 Rb4 30. Rh1 Rxa4 31. Rh6 Kd7 32. Rh5 Rxc4 33. Rxg5 Rc5
34. Rg8 Rxe5 35. f4 Rc5 36. Ra8 Ke7 37. Kg3 Kf7 38. g5 Kg6 1/2-1/2

[Event "11th Asrian Memorial 2018"]
[Site "Yerevan ARM"]
[Date "2018.06.27"]
[Round "7.4"]
[White "Ter-Sahakyan, Samvel"]
[Black "Stupak, Kirill"]
[Result "1/2-1/2"]
[WhiteTitle "GM"]
[BlackTitle "GM"]
[WhiteElo "2546"]
[BlackElo "2564"]
[WhiteFideId "13302531"]
[BlackFideId "13503758"]
[EventDate "2018.06.21"]

1. e4 e6 2. d4 d5 3. Nc3 Bb4 4. e5 c5 5. a3 Bxc3+ 6. bxc3 Qa5 7. Bd2 Qa4 8. Qg4
g6 9. Nf3 c4 10. Qf4 h6 11. Be2 Nc6 12. Ra2 Bd7 13. h4 Rh7 14. Nh2 O-O-O 15. Ng4
h5 16. Nh2 Rf8 17. Nf3 Rh8 18. Ng5 Nh6 19. O-O Nf5 20. Re1 Kb8 21. Bf1 Ka8 22.
g3 Nce7 23. Bh3 b6 24. Qf3 Qa5 25. Qd1 Ba4 26. Nf3 Kb7 27. Bg5 Rc8 28. Qd2 Qb5
29. Bf6 Rhf8 30. Ng5 Rc7 31. Kh2 Ng8 32. Nh7 Nxf6 33. Nxf6 Ne7 34. Nh7 Rh8 35.
Ng5 Ng8 36. Qc1 Nh6 37. Qb2 Qxb2 38. Rxb2 Kc8 39. f3 Ng8 40. Kg2 Kd8 41. Kf2 Ke7
42. Ke3 Rb7 43. Kd2 Bd7 44. Ra1 Nh6 45. Rbb1 Kf8 46. g4 Ng8 47. Rh1 Ne7 48. Rag1
Rb8 49. gxh5 gxh5 50. f4 b5 51. Nf3 Rb6 52. Rg5 Ra6 53. Ra1 Ra4 54. Kc1 Ng6 55.
f5 Nf4 56. fxe6 fxe6 57. Bf1 Rg8 58. Kb2 a5 59. Rxg8+ Kxg8 60. Ng5 Kf8 61. Bxc4
b4 62. Bb3 bxc3+ 63. Kxc3 Ne2+ 64. Kd2 Rxd4+ 65. Kxe2 a4 66. Ba2 Rxh4 67. Rf1+
Ke7 68. Rf7+ Ke8 69. Rf6 Ke7 70. Kd2 Rh1 71. Kc3 Re1 72. Nf3 Rf1 73. Kb2 Rf2 74.
Bb1 Be8 75. Ka1 Re2 76. Rh6 Re3 77. Rh7+ Kf8 78. Rh8+ Ke7 79. Rh7+ Kf8 80. Rh8+ 1/2-1/2

[Event "11th Asrian Memorial 2018"]
[Site "Yerevan ARM"]
[Date "2018.06.27"]
[Round "7.5"]
[White "Gabuzyan, Hovhannes"]
[Black "Pashikian, Arman"]
[Result "1/2-1/2"]
[WhiteTitle "GM"]
[BlackTitle "GM"]
[WhiteElo "2539"]
[BlackElo "2608"]
[WhiteFideId "13303732"]
[BlackFideId "13301578"]
[EventDate "2018.06.21"]

1. Nf3 d5 2. c4 e6 3. g3 dxc4 4. Qa4+ Bd7 5. Qxc4 c5 6. Ne5 Nc6 7. Nxd7 Qxd7 8.
Bg2 Nf6 9. Nc3 Rc8 10. Qa4 Be7 11. d3 O-O 12. Bd2 Rfd8 13. O-O c4 14. Rfd1 cxd3
15. Be3 Nd4 16. Qxd4 Qxd4 17. Bxd4 Rxd4 18. Bxb7 Rcd8 19. e3 Rb4 20. Ba6 Rxb2
21. Rxd3 Rxd3 22. Bxd3 1/2-1/2

[Event "11th Asrian Memorial 2018"]
[Site "Yerevan ARM"]
[Date "2018.06.27"]
[Round "7.6"]
[White "Erigaisi, Arjun"]
[Black "Jumabayev, Rinat"]
[Result "1/2-1/2"]
[WhiteTitle "FM"]
[BlackTitle "GM"]
[WhiteElo "2505"]
[BlackElo "2594"]
[WhiteFideId "35009192"]
[BlackFideId "13702661"]
[EventDate "2018.06.21"]

1. d4 Nf6 2. c4 b6 3. Nc3 Bb7 4. Qc2 d5 5. cxd5 Nxd5 6. e4 Nxc3 7. bxc3 g6 8.
Nf3 Bg7 9. Bc4 Qd7 10. O-O Nc6 11. a4 O-O 12. Rd1 Na5 13. Bb5 c6 14. Be2 Qc7 15.
Be3 c5 16. d5 Rad8 17. Rab1 Bc8 18. c4 Nb7 19. Nd2 f5 20. exf5 Bxf5 21. Bd3 Bxd3
22. Qxd3 e6 23. Ne4 exd5 24. cxd5 h6 25. Qa6 Rfe8 26. f3 Nd6 27. Bf4 Be5 28.
Bxe5 Rxe5 29. Nxd6 Rxd6 30. a5 c4 31. axb6 Qc5+ 32. Kh1 axb6 33. Qa8+ Kg7 34.
Qb7+ Kf6 35. Qh7 Qe3 36. f4 Re8 37. Qxh6 c3 38. Qh4+ Kg7 39. Re1 c2 40. Ra1
Qxe1+ 41. Rxe1 Rxd5 42. Rxe8 c1=Q+ 43. Re1 Rd1 44. Qe7+ Kh6 45. Qg5+ Kh7 46.
Qh4+ Kg7 47. Qe7+ 1/2-1/2

[Event "11th Asrian Memorial 2018"]
[Site "Yerevan ARM"]
[Date "2018.06.27"]
[Round "7.7"]
[White "Andriasian, Zaven"]
[Black "Mikaelyan, Arman"]
[Result "1-0"]
[WhiteTitle "GM"]
[BlackTitle "GM"]
[WhiteElo "2586"]
[BlackElo "2500"]
[WhiteFideId "13302000"]
[BlackFideId "13304852"]
[EventDate "2018.06.21"]

1. e4 Nf6 2. e5 Nd5 3. d4 d6 4. c4 Nb6 5. Nf3 g6 6. Nc3 Bg7 7. Be3 O-O 8. Be2
Nc6 9. exd6 cxd6 10. O-O Bg4 11. b3 d5 12. c5 Nc8 13. a3 e6 14. b4 a6 15. Ne1
Bxe2 16. Nxe2 N8e7 17. Ng3 b6 18. Rb1 bxc5 19. dxc5 Rb8 20. Qe2 Qc8 21. Nc2 e5
22. Bd2 f5 23. f4 d4 24. fxe5 Rd8 25. Qc4+ Kh8 26. e6 Ne5 27. Qa2 d3 28. Ne1 Nd5
29. Nf3 Qxe6 30. Rbe1 Re8 31. Rxe5 Bxe5 32. Re1 Qf6 33. Qxd5 Rbd8 34. Qc4 Bd4+
35. Nxd4 Rxe1+ 36. Bxe1 Rxd4 37. Qc3 f4 38. Nf1 Kg7 39. Nd2 Rd8 40. Ne4 Qxc3 41.
Bxc3+ Kf7 42. Kf2 Ke6 43. Ke1 g5 44. Nxg5+ Kd5 45. Nh3 Kc4 46. Kd2 Rf8 47. Be5
Re8 48. Bxf4 Re2+ 49. Kd1 Kb5 50. g4 a5 51. bxa5 Kxc5 52. a6 Ra2 53. Be3+ Kc4
54. a7 Rxa3 55. Nf4 Ra1+ 56. Kd2 Ra2+ 57. Ke1 Ra1+ 58. Kf2 d2 59. Bxd2 Rxa7 60.
Be3 Ra2+ 61. Kg3 Kb5 62. Nd5 Ra3 63. Kf4 Kc6 64. Nf6 Ra4+ 65. Kg5 Ra3 66. Bf4
Ra5+ 67. Kh6 Ra4 68. Bg3 1-0

[Event "11th Asrian Memorial 2018"]
[Site "Yerevan ARM"]
[Date "2018.06.27"]
[Round "7.8"]
[White "Tutisani, Noe"]
[Black "Bernadskiy, Vitaliy"]
[Result "1-0"]
[WhiteTitle "FM"]
[BlackTitle "GM"]
[WhiteElo "2469"]
[BlackElo "2586"]
[WhiteFideId "13602853"]
[BlackFideId "14100371"]
[EventDate "2018.06.21"]

1. e4 e6 2. d4 d5 3. Nc3 Bb4 4. e5 Qd7 5. Bd2 b6 6. h4 Ne7 7. h5 Ba6 8. Bxa6
Nxa6 9. Qe2 Nb8 10. O-O-O Bxc3 11. Bxc3 c5 12. Nf3 h6 13. dxc5 bxc5 14. Rh4 Qc6
15. Rg4 Rg8 16. b3 a5 17. a4 Qa6 18. Qb5+ Nd7 19. Be1 Nc6 20. Bd2 Qxb5 21. axb5
Ncxe5 22. Nxe5 Nxe5 23. Ra4 Kd7 24. Bxa5 Ra7 25. Kb2 Rb8 26. Bc3 Rxa4 27. bxa4
Nc4+ 28. Kb3 f6 29. Rd3 Kd6 30. Rg3 Rb7 31. Rg4 Ra7 32. f4 Ne3 33. Rg3 c4+ 34.
Ka3 Nxc2+ 35. Kb2 d4 36. Kxc2 dxc3 37. b6 Rxa4 38. Rxg7 Ra3 39. g4 e5 40. b7 Rb3
41. g5 exf4 42. gxh6 f3 43. h7 Rb2+ 44. Kxc3 Rb3+ 45. Kc2 Kd5 1-0

[Event "11th Asrian Memorial 2018"]
[Site "Yerevan ARM"]
[Date "2018.06.27"]
[Round "7.9"]
[White "Zhigalko, Andrey"]
[Black "Mkrtchian, Lilit"]
[Result "1-0"]
[WhiteTitle "GM"]
[BlackTitle "IM"]
[WhiteElo "2562"]
[BlackElo "2392"]
[WhiteFideId "13502247"]
[BlackFideId "13300601"]
[EventDate "2018.06.21"]

1. d4 d5 2. c4 e6 3. Nc3 Be7 4. cxd5 exd5 5. Bf4 c6 6. e3 Bf5 7. g4 Be6 8. h4
Nd7 9. h5 Nb6 10. Bd3 Nc4 11. Qe2 b5 12. f3 Qa5 13. Kf2 b4 14. Nd1 c5 15. b3 Na3
16. dxc5 Qxc5 17. Qb2 Bf6 18. Rc1 Qb6 19. Be5 Bxe5 20. Qxe5 f6 21. Qc7 Qxc7 22.
Rxc7 Ne7 23. Ne2 Kd8 24. Rc5 Rc8 25. Nd4 Bd7 26. Ra5 Rc1 27. Rxa7 Ra1 28. Rb7
Rxa2+ 29. Kg3 h6 30. Rb8+ Nc8 31. Rxb4 Re8 32. Bg6 Re5 33. Nc3 Rb2 34. Ra1 Rxe3
35. Nxd5 Re5 36. Nc3 Re3 37. Na4 1-0

[Event "11th Asrian Memorial 2018"]
[Site "Yerevan ARM"]
[Date "2018.06.27"]
[Round "7.11"]
[White "Danielian, Elina"]
[Black "Harutyunian, Tigran K."]
[Result "1/2-1/2"]
[WhiteTitle "GM"]
[BlackTitle "IM"]
[WhiteElo "2412"]
[BlackElo "2499"]
[WhiteFideId "13300210"]
[BlackFideId "13303635"]
[EventDate "2018.06.21"]

1. Nf3 d5 2. d4 Nf6 3. c4 e6 4. Nc3 Bb4 5. e3 O-O 6. Bd3 dxc4 7. Bxc4 c5 8. O-O
cxd4 9. exd4 b6 10. Bg5 Bb7 11. Rc1 h6 12. Bh4 Be7 13. Re1 Nc6 14. a3 Rc8 15.
Qd3 Nh5 16. Bg3 Nxg3 17. hxg3 Bf6 18. Rcd1 Rc7 19. Ne5 Qb8 20. Nb5 Bxe5 21. dxe5
Nxe5 22. Rxe5 Rxc4 23. Rxe6 Rc5 24. Re7 Re5 25. Re1 Rxe1+ 26. Rxe1 Re8 27. Rxe8+
Qxe8 28. Nd6 Qd7 29. Qd4 Bc6 30. g4 g6 31. f3 Qe6 32. Kf2 Qe7 33. Qf4 Bd5 34. b4
Qh4+ 35. Kg1 Qe1+ 36. Kh2 Qe7 37. Kg1 a5 38. Kf2 Qh4+ 39. Kg1 Qe7 40. Kf2 Kh7
41. Nc8 Qh4+ 42. Kg1 Qe1+ 43. Kh2 axb4 44. axb4 Be6 45. Nd6 g5 46. Qd4 1/2-1/2

[Event "11th Asrian Memorial 2018"]
[Site "Yerevan ARM"]
[Date "2018.06.27"]
[Round "7.12"]
[White "Sargsyan, Shant"]
[Black "Yeremyan, Alen"]
[Result "1-0"]
[WhiteTitle "IM"]
[WhiteElo "2499"]
[BlackElo "2033"]
[WhiteFideId "13306766"]
[BlackFideId "13308998"]
[EventDate "2018.06.21"]

1. e4 c5 2. Nf3 Nc6 3. d4 cxd4 4. Nxd4 Nf6 5. Nc3 d6 6. Bg5 e6 7. Qd2 Be7 8.
O-O-O O-O 9. f4 h6 10. h4 a6 11. Nf3 Qa5 12. g4 b5 13. Bxf6 Bxf6 14. g5 Bxc3 15.
Qxc3 Qxc3 16. bxc3 Rd8 17. gxh6 gxh6 18. e5 dxe5 19. Rg1+ Kf8 20. Rxd8+ Nxd8 21.
Nxe5 Bb7 22. Ng4 Rc8 23. Kb2 Be4 24. Nxh6 b4 25. c4 Rc5 26. Bd3 Bc6 27. f5 Ke7
28. h5 e5 29. Ng8+ Kf8 30. h6 f6 31. h7 Nf7 32. Nh6 1-0

[Event "11th Asrian Memorial 2018"]
[Site "Yerevan ARM"]
[Date "2018.06.27"]
[Round "7.13"]
[White "Vardanian, Haik G."]
[Black "Papin, Vasily"]
[Result "1/2-1/2"]
[WhiteTitle "IM"]
[BlackTitle "GM"]
[WhiteElo "2388"]
[BlackElo "2490"]
[WhiteFideId "13303562"]
[BlackFideId "4143183"]
[EventDate "2018.06.21"]

1. e4 c5 2. Nf3 e6 3. b3 b6 4. Bb2 Bb7 5. Bd3 Nc6 6. a3 Nf6 7. Nc3 d5 8. O-O Be7
9. exd5 exd5 10. Bb5 d4 11. Ne2 a6 12. Bd3 O-O 13. c3 dxc3 14. dxc3 Na5 15. c4
Bxf3 16. gxf3 Nc6 17. Qc2 Bd6 18. Rad1 Re8 19. Kh1 Qe7 20. Rg1 Be5 21. Bc1 Qb7
22. Bg5 Nd4 23. Nxd4 Bxd4 24. Rg3 Rad8 25. Bxf6 Bxf6 26. Bxh7+ Kf8 27. Rxd8 Rxd8
28. Be4 Qc7 29. Bd5 g6 30. Rg4 Kg7 31. Kg2 Rh8 32. h3 Rh4 33. Qe4 Qe7 34. Qe3
Rxg4+ 35. hxg4 Qxe3 36. fxe3 Bb2 37. a4 Bc1 38. a5 bxa5 39. Kf2 g5 40. Ke2 Kf6
41. Kd3 Ke7 42. Ke4 f6 43. Bb7 Kd6 44. Bxa6 Bd2 45. Bc8 Bc1 46. f4 Bd2 1/2-1/2